Výpočet diskrétní konvulace pomocí číselně teoretických transformací

Bibliographic Details
Main Author: Kučera, Radan, 1960- (Author)
Format: Article
Language:Slovak
Czech
PhysicalDescription:Diagr. 2., lit. 8 zázn. v češ., angl.
Subjects:

MARC

LEADER 00000nab a2200000 a 4500
001 vtls000277842
003 SK-MaSNL
005 20260304064200.0
008 250422c1987 xo 0 slo
015 |a SNBRB19rr/mm-uuuuu 
035 |a CL0287960 
035 |a urn:nbn:sk:snk-abd0sc 
035 |a (urnnbn)urn:nbn:sk:snk:ar-006v0x 
035 |a (uuid)3c84f3ad-ac32-45d3-bfa9-4cc9fd517670 
040 |a SNKBUCL  |b slo  |c SNKBUCL  |e AACR2 
041 0 |a cze 
044 |a xo  |c SK 
080 |a 517.44:517.52.517  |2 1981 
080 |a 517.52.517  |2 1981 
100 1 |a Kučera, Radan,  |d 1960-  |4 aut  |9 726579 
245 1 0 |a Výpočet diskrétní konvulace pomocí číselně teoretických transformací  |c Radan Kučera 
300 |b Diagr. 2., lit. 8 zázn. v češ., angl. 
650 0 7 |a postupnosti číselné  |2 snkbucl  |9 1351627 
650 0 7 |a konvulácie diskrétne  |2 snkbucl  |9 1351628 
655 7 |a články z novín a časopisov  |2 snkbucl  |9 267496 
773 0 |t Elektrotechnický časopis  |g Roč. 38, č. 1 (1987), s. 50-60 
850 |a Slovenská národná knižnica 
852 |a Slovenská národná knižnica 
954 |a odborná, vedecká literatúra cudzojazyčná (svetová)  |2 lita 
958 |a article17 
958 |a OND 
958 |a NB 
958 |a RK 
958 |a CZ 
958 |a EUIPO 
992 |a RBX 
999 |c 2745461  |d 2747391